| 000 | 00379nam a2200145 a 4500 | ||
|---|---|---|---|
| 001 | 000030840 | ||
| 005 | 20200930062537.0 | ||
| 008 | 110531s1981 dr 000 0 spa d | ||
| 040 |
_aDO-SdBNP _bspa _cBNPHU |
||
| 245 | 0 | 0 | _aPrograma de trabajo 1981-1982. |
| 260 |
_aSanto Domingo : _bComisión Energetica, _c1981. |
||
| 300 |
_a61 p. ; _c28 cm. |
||
| 049 | _aBNPD | ||
| 049 | _aBNPD | ||
| 999 |
_c30332 _d30332 |
||